000 00446nam a22001817a 4500
003 NUST - PNEC
005 20170116181125.0
008 151005b xxu||||| |||| 00| 0 eng d
020 _a0750650745
040 _cLIBRARY
082 _a697.93 JON
100 _913664
_aJones, W. P
245 _aAir conditioning engineering
_cW. P Jones,
250 _a5th ed
260 _cc2001.
650 _913668
_aAir conditioning
_xME
942 _2ddc
_cBK
999 _c69735
_d69735